Statistics for Which US state tops in...

Click here to take the quiz!

General Stats

  • This quiz has been taken 33 times
  • The average score is 15 of 30

Answer Stats

QuestionAnswer% Correct
PopulationCalifornia
97%
AreaAlaska
91%
Oil ReservesTexas
88%
Average ElevationColorado
81%
CoastlineAlaska
75%
ExpensiveHawaii
75%
Nobel Prize winnerNew York
69%
ForestAlaska
59%
Olympic Gold MedalsCalifornia
59%
Murder RateLouisiana
59%
Density of PopulationNew Jersey
56%
0.1 million plus citiesCalifornia
53%
MillionaireCalifornia
50%
ImmigrantsCalifornia
50%
RainfallHawaii
50%
HDIMassachusetts
50%
Life ExpectancyHawaii
47%
GDP (per Capita)Massachusetts
47%
Speaker of English as Second LanguageCalifornia
44%
GDPCalifornia
44%
RoadTexas
38%
Suicide RateWyoming
38%
FlatnessFlorida
34%
BillionaireCalifornia
31%
Population GrowthUtah
28%
TouristsCalifornia
25%
Forest per unit areaMaine
22%
EarthquakeAlaska
19%
ObesityWest Virginia
19%
Non Christian (per Capita)Maine
16%

Score Distribution

Percentile by Number Answered

Percent of People with Each Score

Your Score History

You have not taken this quiz